Loading...
Examples in statistics
| Hovedforfatter: | |
|---|---|
| Format: | Printed Book |
| Sprog: | Undetermined English |
| Udgivet: |
New Delhi
Atma Ram & Sons
1977
|
| Udgivelse: | 5 |
| Fag: |
| LEADER | 00522nam a2200181Ia 4500 | ||
|---|---|---|---|
| 008 | 140306s9999 xx 000 0 und d | ||
| 041 | |a eng | ||
| 082 | |a 519.5 |b SAX | ||
| 100 | |a Saxena, H C | ||
| 245 | |a Examples in statistics | ||
| 250 | |a 5 | ||
| 260 | |a New Delhi |b Atma Ram & Sons |c 1977 | ||
| 300 | |a 487 | ||
| 510 | |||
| 650 | |a Statistics | ||
| 942 | |2 ddc |c BK | ||
| 999 | |c 51671 |d 51671 | ||
| 952 | |0 0 |1 0 |2 ddc |4 0 |6 519_500000000000000_SAX |7 0 |9 67995 |a KAUACV |b KAUACV |d 2004-05-04 |o 519.5 SAX |p KAU_ACV-18217 |r 2014-03-22 |w 2014-03-22 |y BK | ||